| 000 | 00706nam a2200181Ia 4500 | ||
|---|---|---|---|
| 008 | 100921s9999 xx 000 0 und d | ||
| 082 |
_b4112 _a398 थ 0 |
||
| 100 | _aबाबर सरोजिनी.संपा. | ||
| 245 | _aराजविलासी केवडा. | ||
| 260 |
_bमहाराष्ट्र राज्य लोकसाहित्य समिती,मुंबई. _c0 |
||
| 300 |
_a691 _b--- |
||
| 365 | _b7.5 | ||
| 520 | _aस.शा.-लोकसाहित्य. | ||
| 630 | _aराजविलासी केवडा. | ||
| 650 | _aस.शा.-लोकसाहित्य. | ||
| 730 | _aराजविलासी केवडा. | ||
| 942 | _cBOOK | ||
| 999 |
_c753225 _d753222 |
||